\

Leading minds : (Record no. 30510)

MARC details
000 -LEADER
fixed length control field 01097cam a22003254a 4500
001 - CONTROL NUMBER
control field 17184554
005 - DATE AND TIME OF LATEST TRANSACTION
control field 20260410161001.0
008 - FIXED-LENGTH DATA ELEMENTS--GENERAL INFORMATION
fixed length control field 120227s2011 nyua b 001 0deng
010 ## - LIBRARY OF CONGRESS CONTROL NUMBER
LC control number 2012357006
020 ## - INTERNATIONAL STANDARD BOOK NUMBER
International Standard Book Number 9780465027736
Qualifying information pbk.
040 ## - CATALOGING SOURCE
Original cataloging agency DLC
Transcribing agency DLC
Description conventions rda
041 ## - LANGUAGE CODE
Language code of text/sound track or separate title eng
050 00 - LIBRARY OF CONGRESS CALL NUMBER
Classification number HM141
Item number .G35 2011
100 1# - MAIN ENTRY--PERSONAL NAME
Personal name Gardner, Howard,
245 10 - TITLE STATEMENT
Title Leading minds :
Remainder of title an anatomy of leadership /
Statement of responsibility, etc. Howard Gardner ; in collaboration with Emma Laskin.
264 #1 - PRODUCTION, PUBLICATION, DISTRIBUTION, MANUFACTURE, AND COPYRIGHT NOTICE
Place of production, publication, distribution, manufacture New York, NY :
Name of producer, publisher, distributor, manufacturer BasicBooks,
Date of production, publication, distribution, manufacture, or copyright notice 2011.
300 ## - PHYSICAL DESCRIPTION
Extent xxii, 391 pages. :
Dimensions 24 cm.
336 ## - CONTENT TYPE
Content type term text
Content type code txt
Source rdacontent
337 ## - MEDIA TYPE
Media type term unmediated
Media type code n
Source rdamedia
338 ## - CARRIER TYPE
Carrier type term volume
Carrier type code nc
Source rdacarrier
504 ## - BIBLIOGRAPHY, ETC. NOTE
Bibliography, etc. note Includes bibliographical references and indexes.
650 #0 - SUBJECT ADDED ENTRY--TOPICAL TERM
Topical term or geographic name entry element Leadership.
650 #0 - SUBJECT ADDED ENTRY--TOPICAL TERM
Topical term or geographic name entry element Leadership
Form subdivision Case studies.
650 #0 - SUBJECT ADDED ENTRY--TOPICAL TERM
Topical term or geographic name entry element Leadership
General subdivision Psychological aspects.
655 #7 - INDEX TERM--GENRE/FORM
Genre/form data or focus term Case studies.
Source of term lcgft
Authority record control number or standard number https://id.loc.gov/authorities/genreForms/gf2017026140
700 1# - ADDED ENTRY--PERSONAL NAME
Personal name Laskin, Emma.
942 ## - ADDED ENTRY ELEMENTS (KOHA)
Source of classification or shelving scheme Library of Congress Classification
Koha item type Books
Suppress in OPAC No
Holdings
Withdrawn status Lost status Source of classification or shelving scheme Damaged status Not for loan Collection Home library Current library Date acquired Total checkouts Full call number Barcode Date last seen Price effective from Koha item type
    Library of Congress Classification     College of Security and Global Studies (CSGS) MAIN MAIN 04/10/2026   HM141 .G35 2011 00000131 04/10/2026 04/10/2026 Books